Comparative behavioural ecology of the mynas, Acridotheres tristis (Linnaeus) and A. javanicus (Cabanis) in Singapore /
Saved in:
| Main Author: | |
|---|---|
| Format: | Thesis Book |
| Language: | English |
| Published: |
1989.
|
| Subjects: | |
| Tags: |
Add Tag
No Tags, Be the first to tag this record!
|
| LEADER | 00807cam a2200241 a 4500 | ||
|---|---|---|---|
| 001 | u93704 | ||
| 003 | SIRSI | ||
| 008 | 910608s1989 si v 00 1 eng m | ||
| 035 | |a AAK-2340 | ||
| 040 | |a UMM | ||
| 043 | |a a-si--- | ||
| 090 | |a QL795 |b B57Kan | ||
| 100 | 1 | 0 | |a Kang, Nee. |
| 245 | 1 | 0 | |a Comparative behavioural ecology of the mynas, Acridotheres tristis (Linnaeus) and A. javanicus (Cabanis) in Singapore / |c by Kang Nee. |
| 260 | 1 | |c 1989. | |
| 300 | |a 240 leaves ; |c 30 cm. | ||
| 502 | |a Thesis (Ph.D.) -- National University of Singapore, 1989. | ||
| 504 | |a Includes bibliographical references. | ||
| 650 | 0 | |a Mynahs |z Singapore. | |
| 650 | 0 | |a Birds |x Behavior. | |
| 948 | |a 13/08/1991 |b 27/11/2000 | ||
| 596 | |a 1 | ||
| 999 | |a QL795 B57KAN |w LC |c 1 |i A010891726 |d 5/2/1999 |l STACKS |m P01UTAMA |n 21 |r Y |s Y |t TESIS |u 17/3/1992 | ||
